01072cam a22003494i 4500003000900000005001700009008004100026035001900067040003300086082001900119110002400138245009400162264002900256300005100285336002100336337002500357338002300382505013700405526000900542526000900551526000900560526000900569526000900578526000900587526000800596526000800604526000800612526000800620526000800628526000800636600007800644PE-LiUPU20250731184534.0150623s r 000 0 d a(Sirsi) a23774 aPE-LiUPUbspacPE-LiUPUerda04a922.2bB14221 aOpues Dei,eeditor.00aRoma, 17 maggio 1992 :bBeatificazione di Josemaría Escrivá fondatore dell' Opus Dei. 1aRoma :bOpus Dei,c1992. a352 páginas :bilustraciones fotos ;c30 cm. atext2rdacontent aunmediated2rdamedia avolume2rdacarrier0 aInterviste e articoli del prelato dell'Opus Dei. -Articoli dell'Osservatore romano. -Interventi di cardinali, Arcivescovi e Vescovi. aP136 aP135 aP134 aP133 aP144 aP143 aP87 aP35 aP20 aP14 aP10 aP061 aEscrivá de Balaguer y Albás, Josemaría.d1902-1975xBeatificación